Central Library OPAC University of Rajshahi

Iqbal as a thinker / (Record no. 31194)

MARC details
000 -LEADER
fixed length control field 01096cam a22002651 4500
001 - CONTROL NUMBER
control field 31194
003 - CONTROL NUMBER IDENTIFIER
rucl marc code BD-RjUL
005 - DATE AND TIME OF LATEST TRANSACTION
control field 20211209051654.0
008 - FIXED-LENGTH DATA ELEMENTS--GENERAL INFORMATION
fixed length control field 140413s1960 pk 000 0beng d
035 ## - SYSTEM CONTROL NUMBER
System control number (BD-RjUL)31281
System control number (OCoLC)4362974
040 ## - CATALOGING SOURCE
Original cataloging agency DLC
Transcribing agency CoFS
Modifying agency CoFS
-- DLC
-- BD-RjUL
Language of cataloging eng
041 ## - LANGUAGE CODE
Language code of text/sound track or separate title eng
082 00 - DEWEY DECIMAL CLASSIFICATION NUMBER
Classification number 181.4
Author mark and year IQB 1960
245 00 - TITLE STATEMENT
Title Iqbal as a thinker /
Statement of responsibility, etc. essays by eminent scholars.
250 ## - EDITION STATEMENT
Edition statement 3rd ed
260 ## - PUBLICATION, DISTRIBUTION, ETC. (IMPRINT)
Place of publication, distribution, etc. Lahore :
Name of publisher, distributor, etc. Sh. M. Ashraf,
Date of publication, distribution, etc. 1960.
300 ## - PHYSICAL DESCRIPTION
Pagination viii, 304 p. ;
Size 19 cm.
505 0# - FORMATTED CONTENTS NOTE
Formatted contents note Iqbal's conception of time and space, by M. Razi-ud-din Siddiqi.-Progressive trends in Iqbal's thought, by K. G. Saiyidain.-Iqbal's conception of God, by M. M. Sharif.-Rumi, Nietzsche and Iqbal, by K. A. Hakim.-Iqbal and mysticism, by Fazl-ur-Rehman.-Iqbal's political theory, by M. Aziz Ahmad.-Iqbal's conception of art, by Kalim-ud-din Ahmad.- Iqbal's attitude towards God, by Fayyas Mahmood.
600 10 - SUBJECT ADDED ENTRY--PERSONAL NAME
Personal name Iqbal, Muhammad,
Titles and other words associated with a name Sir,
Dates associated with a name 1877-1938.
650 #0 - SUBJECT ADDED ENTRY--TOPICAL TERM
Topical term or geographic name as entry element Islam.
9 (RLIN) 94866
942 ## - ADDED ENTRY ELEMENTS (KOHA)
Source of classification or shelving scheme Dewey Decimal Classification
Koha item type Books
Holdings
Lost status Source of classification or shelving scheme Damaged status Not for loan Collection code Permanent Location Current Location Shelving location Date acquired Source of acquisition Cost, normal purchase price Total Checkouts Full call number Date last seen Copy number Koha item type
  Dewey Decimal Classification     Non-fiction Central Library, University of Rajshahi Central Library, University of Rajshahi   24/02/1967 Feroz Sons 0.00   181.4 IQB 1960 13/04/2014 C-6 Books
  Dewey Decimal Classification     Non-fiction Central Library, University of Rajshahi Central Library, University of Rajshahi     Feroz sons 6.00   181.4 IQB 1960 16/04/2014 C-5 Books